Patternmaking For Fashion Design 5Th Edition (Record no. 370881)

MARC details
000 -LEADER
fixed length control field 00521nam a2200193Ia 4500
005 - DATE AND TIME OF LATEST TRANSACTION
control field 20260516152402.0
008 - FIXED-LENGTH DATA ELEMENTS--GENERAL INFORMATION
fixed length control field 260514s9999 xx 000 0 und d
020 ## - INTERNATIONAL STANDARD BOOK NUMBER
International Standard Book Number 9789332518117
041 ## - LANGUAGE CODE
Language code of text/sound track or separate title eng
082 ## - DEWEY DECIMAL CLASSIFICATION NUMBER
Classification number 646.4 ARM B2241
100 ## - MAIN ENTRY--PERSONAL NAME
Author Armstrong,Helen
245 ## - TITLE STATEMENT
Title Patternmaking For Fashion Design 5Th Edition
260 ## - PUBLICATION, DISTRIBUTION, ETC.
Name of publisher, distributor, etc. Pearson Education Asia
Place of publication, distribution, etc. Noida
300 ## - PHYSICAL DESCRIPTION
Extent 919
500 ## - GENERAL NOTE
Keywords FN
650 ## - SUBJECT ADDED ENTRY--TOPICAL TERM
Topical term or geographic name entry element Clothing construction
651 ## - SUBJECT ADDED ENTRY--GEOGRAPHIC NAME
Geographic name Clothing construction
942 ## - ADDED ENTRY ELEMENTS (KOHA)
Koha item type Books
Holdings
Withdrawn status Lost status Damaged status Not for loan Collection code Home library Current library Date acquired Net Price Bill number Total Checkouts Full call number Barcode Date last seen Actual Price Bill Date Koha item type Original Barcode
          Manilal Nanavati Vocational Training Institute Pune Manilal Nanavati Vocational Training Institute Pune 27/03/2026 1200.00 WORDI/2025/CRB/2627   646.4 ARM B2241 MNVT-BK-2241 14/05/2026 900.00 20/03/2026 Books B2241